000 00601nam a2200217Ii 4500
001 13863
003 CO-ViMGA
008 241108s9999||||xx |||||||||||||| ||und||
020 _a9588089263
040 _aCO-ViMGA
_bspa
_erda
_cCO-ViMGA
041 0 _aspa
082 0 4 _a832.6 - G63F
100 1 _aJohann Wolfgang Goethe
_948611
245 1 0 _aFausto
264 1 _aMadrid, EspaƱa : Printer Colombiana, 2001
300 _avolumen
336 _atext
_btxt
_2rdacontent
337 _aunmediated
_bn
_2rdamedia
338 _avolume
_bnc
_2rdacarrier
940 _aidficha_siabuc: 13562. -- ficha_no_siabuc:13863
999 _c43253
_d43253